| 000 | 01260nam a2200193Ia 4500 | ||
|---|---|---|---|
| 003 | Ost | ||
| 005 | 20260507075805.0 | ||
| 008 | 260507s9999||||xx |||||||||||||| ||und|| | ||
| 040 | _cfsecg | ||
| 041 | _aara | ||
| 100 |
_aمحمود، أمينة محمود حسين _eمؤلف |
||
| 245 | 0 |
_aنظم المعلومات التسويقية (24) / _c أمينة محمود حسين محمود |
|
| 260 |
_aالقاهرة: _bمطبعة مركز التعليم المفتوح, _c1990 |
||
| 300 |
_a206 صفحة؛ _bإيضاحات ؛ _c24 سم |
||
| 504 | _aمراجع ص ص.204- 206 | ||
| 520 | _aتعريف و نشأة نظم المعلومات التسويقية، أسباب الاهتمام بنظم المعلومات التسويقية، مقاييس فاعلية نظم المعلومات التسويقية، الاطار التنظيمي الحاكم لنظم المعلومات التسويقية، البيئة المحيطة بنظم المعلومات التسويقية، مدخلات و مخرجات نظم المعلومات التسويقية، دور نظام المعلومات التسويقية في ترشيد قرارا ت مزيج منتجات المنظمة | ||
| 653 | _aنظم المعلومات التسويقية | ||
| 942 | _cكتاب | ||
| 999 |
_c46379 _d46379 |
||